(Editores académicos) Llunch, Andres - Monsalve Zanatti, Martin - Bucheli, Marcelo (Record no. 23645)

000 -CABECERA
fixed length control field 01729nam a22002537i 4500
003 - IDENTIFICADOR DEL NÚMERO DE CONTROL
control field AR-CdUCM
008 - DATOS DE LONGITUD FIJA--INFORMACIÓN GENERAL
fixed length control field 260427b20212021 pe||||| |||| 00| 0 spa d
020 ## - NÚMERO INTERNACIONAL ESTÁNDAR DEL LIBRO
ISBN 978-9972-57-463-4
040 ## - FUENTE DE LA CATALOGACIÓN
Agencia/entidad que catalogó originalmente la obra MUNICIPALIDAD PROVINCIAL DEL CUSCO
Entidad que transcribió la catalogación BIBLIOTECA MUNICIPAL DEL CUSCO
082 ## - NÚMERO DE LA CLASIFICACIÓN DECIMAL DEWEY
No. de Clasificación 338.644
Notacion interna H
245 ## - MENCIÓN DE TÍTULO
Título (Editores académicos) Llunch, Andres - Monsalve Zanatti, Martin - Bucheli, Marcelo
300 ## - DESCRIPCIÓN FÍSICA
Nº de Páginas Extensión 335 páginas. :
Dimensiones 23x17 cm.
505 ## - NOTA DE CONTENIDO CON FORMATO
Nota de contenido formateada Historia empresarial de Latina -- Relevancia y originalidad del libro -- Empresas familiares -- Economía global -- Desintegración de la economía global -- La nueva Economía global -- Agroindustrias y servicios -- Negocio en el periodo colonial
650 ## - PUNTO DE ACCESO ADICIONAL DE MATERIA--TÉRMINO DE MATERIA
Descriptor Economía global
9 (RLIN) 11287
650 ## - PUNTO DE ACCESO ADICIONAL DE MATERIA--TÉRMINO DE MATERIA
Descriptor Exportación
9 (RLIN) 52731
650 ## - PUNTO DE ACCESO ADICIONAL DE MATERIA--TÉRMINO DE MATERIA
Descriptor Multinacionales extranjeras
9 (RLIN) 52732
700 ## - PUNTO DE ACCESO ADICIONAL--NOMBRE DE PERSONA
Nombre Personal Lluch, Andrea
9 (RLIN) 52733
700 ## - PUNTO DE ACCESO ADICIONAL--NOMBRE DE PERSONA
Nombre Personal Monsalve Sanate, Matin
9 (RLIN) 52734
700 ## - PUNTO DE ACCESO ADICIONAL--NOMBRE DE PERSONA
Nombre Personal Bucheli
9 (RLIN) 52735
700 ## - PUNTO DE ACCESO ADICIONAL--NOMBRE DE PERSONA
Nombre Personal (Editores académicos)
9 (RLIN) 52736
942 ## - ELEMENTOS DE PUNTO DE ACCESO ADICIONAL (KOHA)
Fuente de clasificación
Tipo de item Libros-BMC
945 ## - PROCESAMIENTO DE INFORMACIÓN LOCAL (OCLC)
Catalogador pbjr
AAAA-MM-DD - Fecha de ingreso o modificacion 27-04-2026
Holdings
Estado de retiro (separado) Fuente de clasificación o esquema de estanterías Estado dañado Ubicación Sala donde se ubica Nombre de la colección Fecha de adquisición o compra Fuente de adquisición Costo, precio normal en soles Signatura topográfica Código de Barras Última vez visto (Koha) Tipo de ítem (Koha)
No     Sala Humanidades Sala Humanidades Book Cart 2026-04-27 Donación 30.00 338.644 / H SH0000017118 2026-04-27 Libros-BMC
No     Sala Humanidades Sala Humanidades Book Cart 2026-04-27 Donación 30.00 338.644 / H / e.2 SH0000017119 2026-04-27 Libros-BMC

Powered by Koha